Loading...
| History - World | 0 | 8 | 0 | 1 | 80 | 49 | 83.38 | 2 | 4 | 21.46 | 43.45 |
| History - European | 0 | 8 | 1 | 2 | 75 | 62 | 96.75 | 3 | 6 | 13.63 | 53.13 |
| History - American | 0 | 8 | 2 | 1 | 70 | 12 | 79.00 | 1 | 3 | 24.19 | 41.20 |
| History - Other | 0 | 6 | 0 | 0 | 60 | 60 | 84.00 | 0 | 2 | 15.09 | 31.71 |
| Religion | 0 | 5 | 1 | 2 | 45 | 41 | 92.40 | 2 | 5 | 11.41 | 35.42 |
| Social Science | 0 | 2 | 0 | 0 | 20 | 60 | 60.00 | 0 | 2 | 9.09 | 15.63 |
| Geography/Current Events | 0 | 1 | 0 | 1 | 10 | 130 | 130.00 | 1 | 1 | -0.10 | 8.33 |
| Literature - American | 0 | 1 | 0 | 0 | 10 | 101 | 101.00 | 0 | 0 | 2.49 | 4.17 |
| Literature - European | 0 | 1 | 0 | 0 | 10 | 134 | 134.00 | 0 | 0 | 0.58 | 4.17 |
| Literature - World/Other | 0 | 1 | 0 | 0 | 10 | 113 | 113.00 | 0 | 1 | 1.97 | 5.21 |
| Fine Arts - Other | 0 | 0 | 0 | 0 | 0 | 0.00 | 0 | 0 | 0.00 | 0.00 | |
| Fine Arts - Visual | 0 | 0 | 1 | 0 | -5 | 0.00 | 0 | 0 | 0.00 | 0.00 |